| 000 | 00560nam a2200169Ia 4500 | ||
|---|---|---|---|
| 003 | SGT | ||
| 020 | _a9788120332997 | ||
| 082 |
_a621.3 _bGHO |
||
| 100 | _aGhosh,Smarajit | ||
| 245 | _aFundamentals of electrical and electronics engineering | ||
| 250 | _a2nd Ed. | ||
| 260 |
_bPHI Learning Private Limited _aNew Delhi _c2010 |
||
| 300 | _a877p. | ||
| 650 | _aELECTRONICS ENGINEERING | ||
| 653 | _aBASIC DEFINITIONS AND UNITS,OHM'S LAW,KIRCHHOFF'S LAWS,ELECTROMAGNETISM,INDUCTANCE,CAPACITANCE,SIGNAL-PHASE AC CIRCUITS,THREE-PHASE SYSTEMS | ||
| 942 |
_2ddc _cBK _032 |
||
| 999 |
_c5014 _d5014 |
||